[Event "OHRA-B"]
[Site "Amsterdam"]
[Date "1987.??.??"]
[Round "9"]
[White "Campora, Daniel H"]
[Black "Ligterink, Gert"]
[Result "1-0"]
[WhiteElo "2545"]
[BlackElo "2450"]

1.e4 c5 2.Nf3 e6 3.Nc3 Nc6 4.d4 cxd4 5.Nxd4 d6 6.g3 Nf6 7.Bg2 Bd7 8.O-O Be7
9.Re1 O-O 10.a4 a6 11.Be3 Ne5 12.Qe2 Rc8 13.Rad1 Nc4 14.Bc1 b5 15.axb5 axb5
16.b3 b4 17.Na2 Qa5 18.c3 Ne5 19.cxb4 Qb6 20.b5 Rc5 21.Ba3 Rxb5 22.Nxb5 Bxb5
23.Qe3 Qa6 24.Nc3 Nfg4 25.Qd2 Qxa3 26.Nxb5 Qxb3 27.Nd4 Qb6 28.Rb1 Qc5 29.Rec1 Nc4
30.Qe2 Nge5 31.Nb3 Qb4 32.f4 Na3 33.fxe5 Nxb1 34.Rxb1 dxe5 35.Nd2 Qc3 36.Kh1 Rd8
37.Nf3 g6 38.Rd1 Rxd1+ 39.Qxd1 Kg7 40.h4 h6 41.Qd7 Bc5 42.Kh2 Bd4 43.Qd6 Qd3
44.Nxd4 exd4 45.Qe5+ Kg8 46.h5 g5 47.Qf6 Qd1 48.Qf3 Qc2 49.Qf6 d3 50.Kg1 Qc1+
51.Qf1 d2 52.Bf3 Qe1 53.Kg2 g4 54.Bxg4 Qxe4+ 55.Bf3 Qe1 56.Qc4 e5 57.Qg4+ Kf8
58.Bd1 e4 59.Bb3 Qe3 60.Bd1 Qe1 61.Qc8+ Kg7 62.Qc3+ Kg8 63.Qc2 Kg7 64.Bg4 e3
65.Qd1 f5 66.Bf3 Kf6 67.Qe2 Qc1 68.Qa6+ Ke7 69.Qa7+ Kd8 70.Qd4+ Kc7 71.Qe5+ Kd8
72.Qd6+ Kc8 73.Be2 Kb7 74.Qe7+ Kb8 75.Qd8+ Ka7 76.Qd4+ Kb8 77.Qf4+ Kb7 78.Qxe3 d1=Q
79.Qf3+ Kc7 80.Bxd1 Qd2+ 81.Be2  1-0

[Event "Andorra zt"]
[Site "Andorra"]
[Date "1987.??.??"]
[Round "?"]
[White "De la Villa Garcia, Jesus Maria"]
[Black "Garcia, Raul"]
[Result "1-0"]
[WhiteElo "2485"]
[BlackElo "2250"]

1.e4 c5 2.Nc3 e6 3.Nf3 Nc6 4.d4 cxd4 5.Nxd4 d6 6.Be3 Nf6 7.Qd2 a6 8.f3 Be7
9.g4 Qa5 10.O-O-O Nxd4 11.Bxd4 b5 12.Kb1 b4 13.Ne2 e5 14.Be3 Be6 15.Nc1 h6
16.g5 hxg5 17.Bxg5 Rd8 18.Qd3 d5 19.Qxa6 Qxa6 20.Bxa6 dxe4 21.Bb5+ Kf8 22.Rxd8+ Bxd8
23.fxe4 Be7 24.Bxf6 Bxf6 25.Nd3 Be7 26.b3 f6 27.Bc4 Bxc4 28.bxc4 Rh4 29.Re1 Rxh2
30.Kb2 Ke8 31.Kb3 Kd7 32.c5 Kc6 33.Nxb4+ Kxc5 34.a4 Rd2 35.c3 Bd8 36.Rh1 Rd7
37.Rh8 Kd6 38.Rh3 Ke6 39.Nc6 f5 40.Rh8 Be7 41.a5 Kd6 42.Nxe7 Rxe7 43.exf5 e4
44.Rh1 Ke5 45.a6 Kxf5 46.Ra1 Ra7 47.Kb4 e3 48.Kb5 Ke4 49.c4 e2 50.Kb6 Ra8
51.a7 Rf8 52.c5 Kd3 53.c6 g5 54.c7  1-0

[Event "EU-ch U18"]
[Site "Arnhem"]
[Date "1987.??.??"]
[Round "8"]
[White "Bellini, Fabio"]
[Black "Lutz, Christopher"]
[Result "0-1"]
[WhiteElo "2275"]
[BlackElo "2295"]

1.e4 c5 2.Nf3 Nc6 3.d4 cxd4 4.Nxd4 e6 5.Nc3 Qb6 6.Nb3 Nf6 7.Be3 Qc7 8.Qe2 Bb4
9.Bd2 Be7 10.f4 d6 11.g4 a6 12.Bg2 b5 13.O-O b4 14.Na4 a5 15.Qf3 Ba6 16.e5 Nd5
17.exd6 Bxd6 18.Rfc1 O-O 19.c4 bxc3 20.Nxc3 Qb6+ 21.Kh1 Bb7 22.Na4 Qb5 23.Qe4 Nd8
24.Qc4 Qe8 25.Nxa5 Rxa5 26.Bxa5 Ne3 27.Qd4 Nxg2 28.Qxd6 Qxa4 29.Bxd8 Nxf4+
30.Kg1 Qe4 31.Rc2 Qxc2  0-1

[Event "AUT-ch"]
[Site "Austria"]
[Date "1987.??.??"]
[Round "2"]
[White "Wittmann, Walter"]
[Black "Felsberger, Alfred"]
[Result "1/2-1/2"]
[WhiteElo "2400"]
[BlackElo "2310"]

1.e4 c5 2.Nf3 e6 3.d4 cxd4 4.Nxd4 Nc6 5.Nc3 a6 6.g3 Nge7 7.Nb3 d6 8.Bg2 Bd7
9.O-O Nc8 10.Be3 Be7 11.Qe2 O-O 12.Rad1 Qc7 13.f4 Rd8 14.Kh1 Rb8 15.e5 Be8
16.exd6 Nxd6 17.Ne4 Nb4 18.Nc3 Nb5  1/2-1/2

[Event "AUT-ch"]
[Site "Austria"]
[Date "1987.??.??"]
[Round "5"]
[White "Weinzettl, Ernst"]
[Black "Felsberger, Alfred"]
[Result "1/2-1/2"]
[WhiteElo "2310"]
[BlackElo "2310"]

1.e4 c5 2.Nc3 e6 3.Nf3 Nc6 4.d4 cxd4 5.Nxd4 a6 6.Nxc6 bxc6 7.Bd3 d5 8.O-O Nf6
9.Qe2 Be7 10.Na4 O-O 11.c4 Bb7 12.Rd1 Qa5 13.b3 Rfe8 14.Bb2 Rac8 15.Rac1 h6
16.Bb1 Rcd8 17.Bc3 Qc7 18.e5 Nd7 19.cxd5 cxd5 20.Qd3 Nf8 21.Bd4 Qb8 22.Nb6 g6
23.Qg3 Bb4 24.h4 h5 25.Rd3 Re7 26.Rf3 Rc7 27.Rd1 Bc5 28.Bxc5 Rxc5 29.Na4 Rc7
30.Qg5 Re8 31.Rg3 Qc8 32.Nb6 Qd8 33.Qxh5 Rc3 34.Bxg6 fxg6 35.Rxg6+ Nxg6 36.Qxg6+ Kh8
37.Qh6+ Kg8 38.Rd4 Rg3 39.fxg3 Qxb6 40.Qg6+ Kf8 41.Qf6+ Kg8 42.Qf2 Kh8 43.Kh2 Rg8
44.Qf6+ Kh7 45.Rf4 Qc6  1/2-1/2

[Event "Wch U20"]
[Site "Baguio"]
[Date "1987.??.??"]
[Round "?"]
[White "Serper, Grigory"]
[Black "Sokolov, Ivan"]
[Result "1/2-1/2"]
[WhiteElo "2435"]
[BlackElo "2525"]

1.e4 c5 2.Nc3 Nc6 3.Nge2 e6 4.d4 cxd4 5.Nxd4 d6 6.g3 Nf6 7.Bg2 Bd7 8.O-O Be7
9.Nb3 O-O 10.a4 Nb4 11.Bf4 e5 12.Be3 Be6 13.a5 d5 14.exd5 Nbxd5 15.Nxd5 Bxd5
16.Bxd5 Nxd5 17.Bc5 Bxc5 18.Nxc5 b6 19.Nb7 Qd7 20.c4 Qxb7 21.Qxd5 Qxd5 22.cxd5 Rad8
23.axb6 axb6 24.Ra6 Rd6 25.Rc1 g6 26.Rc6 Rxd5 27.Raxb6 e4 28.Rc2 Ra8 29.Rb4 Ra1+
30.Kg2 Re1 31.Rb7 h5 32.Re7 Kf8 33.Rec7 Kg7 34.Rc1 Rxc1 35.Rxc1 Rd2 36.Re1 f5
37.b3 Kf6 38.h4 g5 39.hxg5+ Kxg5 40.Kf1 Rb2 41.Re3 Kg4 42.Kg2 Rc2 43.Re1 Rb2
44.Re3 h4 45.gxh4 Kxh4 46.Kf1 Kg5 47.f3 Kf4 48.Re2 Rxb3 49.fxe4 fxe4 50.Ra2 Rh3
51.Kg2 Rg3+ 52.Kf2 Rf3+ 53.Kg2 Kg4 54.Ra8 Kf4 55.Ra2 Rg3+ 56.Kf2 Rb3 57.Rc2 Rf3+
58.Kg2 Ke3 59.Ra2 Rf4 60.Ra3+ Kd2 61.Kg3  1/2-1/2

[Event "Wch U20"]
[Site "Baguio"]
[Date "1987.??.??"]
[Round "?"]
[White "Wolff, Patrick G"]
[Black "Sokolov, Ivan"]
[Result "1-0"]
[WhiteElo "2370"]
[BlackElo "2525"]

1.e4 c5 2.Nf3 e6 3.d4 cxd4 4.Nxd4 Nc6 5.Nc3 d6 6.Be3 Nf6 7.Bc4 Be7 8.Qe2 a6
9.O-O-O Qc7 10.Bb3 O-O 11.Rhg1 b5 12.g4 Na5 13.g5 Nxb3+ 14.axb3 Nd7 15.f4 b4
16.Nf5 exf5 17.Nd5 Qd8 18.exf5 Re8 19.Bd4 Bf8 20.Qh5 Re4 21.Bf6 Qe8 22.Nc7 Nxf6
23.gxf6 Qd8 24.Nd5 Bb7 25.fxg7 Be7 26.Rg3 Bf6 27.Rh3 Bxg7 28.Qxh7+ Kf8 29.f6 Bxf6
30.Qxe4 Qa5 31.Qf5  1-0

[Event "Balatonfured zt (Women)"]
[Site "Balatonfured"]
[Date "1987.??.??"]
[Round "?"]
[White "Wiese Jozwiak, Malgorzata"]
[Black "Ivanka Budinsky, Maria"]
[Result "0-1"]
[WhiteElo "2290"]
[BlackElo "2290"]

1.e4 c5 2.Nf3 e6 3.d4 cxd4 4.Nxd4 Nc6 5.Nc3 Qc7 6.Be3 a6 7.f4 Bb4 8.Qg4 Bxc3+
9.bxc3 Kf8 10.Bd3 Nf6 11.Qh4 Ne7 12.O-O Qxc3 13.Ne2 Qc7 14.f5 e5 15.c4 d6
16.Nc3 b5 17.Rfc1 bxc4 18.Na4 d5 19.exd5 Bxf5 20.Rxc4 Qd8 21.Bxf5 Nxf5 22.Bc5+ Kg8
23.Qh3 g6 24.Rd1 Kg7 25.Nb6 Rb8 26.Qa3 Rxb6 27.Bxb6 Qxb6+ 28.Kh1 Rd8 29.Rcc1 Ng4  0-1

[Event "Balatonfured zt (Women)"]
[Site "Balatonfured"]
[Date "1987.??.??"]
[Round "?"]
[White "Baumstark, Gertrude"]
[Black "Ivanka Budinsky, Maria"]
[Result "1/2-1/2"]
[WhiteElo "2080"]
[BlackElo "2290"]

1.e4 c5 2.Nf3 e6 3.d4 cxd4 4.Nxd4 Nc6 5.Nc3 Qc7 6.Be2 a6 7.O-O Nf6 8.Kh1 Nxd4
9.Qxd4 Bc5 10.Qd3 h5 11.f4 Ng4 12.Qg3 b5 13.e5 Bb7 14.Bf3 f5 15.exf6 gxf6
16.a4 b4 17.Ne4 Bxe4 18.Bxe4 O-O-O 19.Bd2 Rdg8 20.Qe1 a5 21.Bf3 Qb6 22.h3 Nf2+
23.Kh2 Ng4+ 24.Kh1 Nf2+  1/2-1/2

[Event "Banja Luka"]
[Site "Banja Luka"]
[Date "1987.??.??"]
[Round "10"]
[White "Veroci, Zsuzsa"]
[Black "Dzevlan, Miralem"]
[Result "1/2-1/2"]
[WhiteElo "2415"]
[BlackElo "2330"]

1.e4 c5 2.Nf3 e6 3.d4 cxd4 4.Nxd4 Nc6 5.Nc3 d6 6.Be2 Nf6 7.O-O Be7 8.f4 O-O
9.Kh1 Qc7 10.a4 a6 11.Be3 Re8 12.Bd3 Nb4 13.a5 e5 14.Nf3 exf4 15.Bxf4 Be6
16.Nd4 Bd7 17.Qf3 Nc6 18.Nxc6 bxc6 19.Na4 Qxa5 20.Be3 Bg4 21.Qg3 Qh5 22.Nb6 Rab8
23.Rxa6 Be6 24.Bd4 Qg4 25.Qxg4 Nxg4 26.Nc4  1/2-1/2

[Event "Banja Vrucica"]
[Site "Banja Vrucica"]
[Date "1987.??.??"]
[Round "9"]
[White "Ilijin, Neboisa"]
[Black "Kojder, Konrad"]
[Result "0-1"]
[WhiteElo "2270"]
[BlackElo "2290"]

1.e4 c5 2.Nf3 e6 3.d4 cxd4 4.Nxd4 Nc6 5.Nc3 a6 6.Be2 Qc7 7.O-O Nf6 8.Kh1 Bb4
9.Bg5 Bxc3 10.Bxf6 gxf6 11.bxc3 Ne7 12.Qd2 b6 13.Bf3 Bb7 14.Ne2 Ng6 15.Qd4 Ne5
16.Bh5 Qc5 17.Qxc5 bxc5 18.Ng3 Nc4 19.Rfd1 Bc6 20.Be2 Na3 21.Rd2 Ke7 22.f4 Rhb8
23.e5 f5 24.Nh5 Rb1+ 25.Rd1 Rxd1+ 26.Rxd1 Rb8 27.Bxa6 c4 28.Nf6 Ra8 29.Bxc4 Nxc4
30.Kg1 h6 31.Kf2 Na3 32.Rc1 Rb8 33.h3 Rb2 34.Ng8+ Kf8 35.Nxh6 Kg7 36.Nxf5+ exf5
37.g4 Kg6 38.Ke3 Rxa2 39.gxf5+ Kxf5 40.Rg1 Nxc2+ 41.Kd3 Bb5+ 42.c4 Ba6 43.Rg7 Ra3+
44.Kxc2 Bxc4 45.Rg5+ Ke4 46.Rg4 Be6  0-1

[Event "Beersheba"]
[Site "Beersheba"]
[Date "1987.??.??"]
[Round "?"]
[White "Watson, William N"]
[Black "Greenfeld, Alon"]
[Result "1-0"]
[WhiteElo "2500"]
[BlackElo "2515"]

1.e4 c5 2.Nf3 e6 3.d4 cxd4 4.Nxd4 Nc6 5.Nc3 d6 6.Be3 Nf6 7.f3 a6 8.Qd2 d5
9.exd5 Nxd5 10.Nxd5 Qxd5 11.c4 Qd6 12.O-O-O Bd7 13.Qf2 Nxd4 14.Bxd4 Rc8 15.f4 Ba4
16.b3 Bc6 17.Bd3 Be7 18.Kb1 Rd8 19.Bc2 Qb4 20.Bxg7 Rg8 21.Rxd8+ Bxd8 22.Rd1 Bb6
23.Bd4 Rxg2 24.Qe3 Bxd4 25.Qxd4 Qa5 26.Qh8+ Ke7 27.Qd4 Kf8 28.f5 exf5 29.Qf6 Ke8
30.a4 Rg6 31.Qh8+ Ke7 32.Qxh7 Qc3 33.Qh4+ Ke8 34.Rd8+  1-0

[Event "Belgrade (Women)"]
[Site "Belgrade"]
[Date "1987.??.??"]
[Round "1"]
[White "Makropoulou, Marina"]
[Black "Konarkowska Sokolov, Henrijeta"]
[Result "1-0"]
[WhiteElo "2270"]
[BlackElo "2135"]

1.e4 c5 2.Nf3 e6 3.d4 cxd4 4.Nxd4 Nc6 5.Nc3 Qc7 6.g3 a6 7.Bg2 d6 8.O-O Bd7
9.Re1 Be7 10.a4 Nf6 11.Nb3 O-O 12.f4 Rac8 13.a5 e5 14.f5 b5 15.axb6 Qxb6+
16.Be3 Qb7 17.g4 Nb4 18.g5 Ne8 19.Rf1 Bd8 20.Kh1 Bc6 21.Rc1 a5 22.Qh5 g6
23.fxg6 fxg6 24.Rxf8+ Kxf8 25.Rf1+ Kg8 26.Qf3 Qg7 27.Bh3 Ra8 28.Be6+ Kh8
29.Qf8+  1-0

[Event "Berlin op"]
[Site "Berlin-West"]
[Date "1987.??.??"]
[Round "?"]
[White "Pioch, Thomas"]
[Black "Cladouras, Panagiotis"]
[Result "0-1"]
[WhiteElo "2270"]
[BlackElo "2365"]

1.e4 c5 2.Nf3 Nc6 3.d4 cxd4 4.Nxd4 e6 5.Nc3 a6 6.Be2 Qc7 7.O-O Nf6 8.Nb3 b5
9.a3 Bb7 10.f4 d6 11.Be3 Be7 12.Qe1 h5 13.Qf2 Rc8 14.Rfc1 Qb8 15.Nd2 Na5
16.h3 h4 17.Re1 Nh5 18.Bxh5 Rxh5 19.f5 e5 20.Qe2 Rh8 21.Rad1 Nc4 22.Nxc4 Rxc4
23.Qg4 Kf8 24.Rd3 Qc8 25.Re2 a5 26.Bg5 f6 27.Bxh4 g5 28.Bf2 b4 29.axb4 axb4
30.Nd5 Rxc2 31.Nxb4 Rc1+ 32.Kh2 Qc4 33.Rc3 Rxc3 34.bxc3 d5 35.Nxd5 Bxd5 36.exd5 Qxg4  0-1

[Event "Berlin op"]
[Site "Berlin-West"]
[Date "1987.??.??"]
[Round "?"]
[White "Klundt, Klaus"]
[Black "Somogyi, Istvan"]
[Result "0-1"]
[WhiteElo "2390"]
[BlackElo "2260"]

1.e4 c5 2.Nf3 e6 3.d4 cxd4 4.Nxd4 Nc6 5.Nc3 Qc7 6.g3 a6 7.Bg2 d6 8.O-O Bd7
9.Re1 Nf6 10.Nxc6 bxc6 11.Na4 Rb8 12.c4 c5 13.Nc3 Be7 14.f4 Bc6 15.Qe2 O-O
16.g4 Nd7 17.g5 g6 18.Nd5 Bxd5 19.exd5 e5 20.Bh3 f5 21.gxf6 Bxf6 22.Qg4 Rf7
23.Qg2 Kh8 24.Be6 Rg7 25.Re2 Nf8 26.Bh3 exf4 27.Kh1 g5 28.Bf5 Be5 29.Rb1 g4
30.Bxg4 h5 31.Qh3 Rxg4 32.Qxh5+ Qh7  0-1

[Event "Bern"]
[Site "Bern"]
[Date "1987.??.??"]
[Round "?"]
[White "Unzicker, Wolfgang"]
[Black "Franzoni, Giancarlo"]
[Result "1-0"]
[WhiteElo "2470"]
[BlackElo "2390"]

1.e4 c5 2.Nf3 e6 3.d4 cxd4 4.Nxd4 Nc6 5.Nc3 Qc7 6.f4 a6 7.Be2 b5 8.Nxc6 Qxc6
9.Bf3 Bb7 10.Be3 Rc8 11.O-O Bc5 12.Qe1 Qb6 13.Bxc5 Qxc5+ 14.Kh1 b4 15.e5 bxc3
16.Bxb7 Rb8 17.b4 Qb6 18.Be4 f5 19.Bf3 Ne7 20.a3 Qc7 21.Rd1 a5 22.Rd4 axb4
23.axb4 O-O 24.Qa1 g5 25.Rfd1 Rfd8 26.g3 gxf4 27.gxf4 Ng6 28.R1d3 Rbc8 29.Qg1 Qa7
30.h4 Kh8 31.h5 Rg8 32.Qg5 Rcf8 33.hxg6 Rxg6 34.Rxd7 Qa1+ 35.Rd1 Rxg5 36.Rxa1 Rg3  1-0

[Event "Biel schev"]
[Site "Biel"]
[Date "1987.??.??"]
[Round "?"]
[White "Hund, Barbara"]
[Black "Gobet, Fernand"]
[Result "0-1"]
[WhiteElo "2370"]
[BlackElo "2355"]

1.e4 c5 2.Nf3 e6 3.d4 cxd4 4.Nxd4 Nc6 5.Nc3 Qc7 6.Be2 a6 7.O-O Nf6 8.Kh1 Be7
9.f4 d6 10.Be3 O-O 11.Qe1 Nxd4 12.Bxd4 b5 13.e5 dxe5 14.fxe5 Ne8 15.Ne4 Bb7
16.Bd3 Rd8 17.c3 Qc6 18.Rf3 g6 19.Qe3 Ng7 20.Nf6+ Bxf6 21.exf6 Nh5 22.Rg1 e5
23.Bxe5 Rfe8 24.Bc2 Qe6 25.Rf5 gxf5 26.Qg5+ Kh8 27.Bxf5 Rg8 28.Qxg8+ Kxg8
29.Bxe6 fxe6 30.Bd4 Nf4  0-1

[Event "Bilbao"]
[Site "Bilbao"]
[Date "1987.??.??"]
[Round "?"]
[White "Fernandez Garcia, Jose L"]
[Black "Andersson, Ulf"]
[Result "0-1"]
[WhiteElo "2450"]
[BlackElo "2600"]

1.e4 c5 2.Nf3 e6 3.d4 cxd4 4.Nxd4 Nc6 5.Nc3 a6 6.Bf4 d6 7.Bg3 Nf6 8.Be2 Qc7
9.f4 Be7 10.e5 Nd5 11.Nxd5 exd5 12.Nb3 dxe5 13.fxe5 Be6 14.O-O Nxe5 15.Kh1 Bd6
16.Nd4 O-O 17.Nf5 Bxf5 18.Rxf5 g6 19.Rf2 Rad8 20.Rf6 Kg7 21.Qf1 Nc4 22.Bxd6 Nxd6
23.Bd3 Ne4 24.Qf4 Qe7  0-1

[Event "Brussels mix"]
[Site "Brussels"]
[Date "1987.??.??"]
[Round "1"]
[White "Watson, William N"]
[Black "Cramling, Pia"]
[Result "1/2-1/2"]
[WhiteElo "2530"]
[BlackElo "2445"]

1.e4 c5 2.Nf3 e6 3.d4 cxd4 4.Nxd4 Nc6 5.Nc3 Qc7 6.Be2 a6 7.O-O b5 8.Nxc6 dxc6
9.a4 Rb8 10.f4 Bb7 11.Bf3 b4 12.Ne2 Rd8 13.Qe1 Nf6 14.e5 Nd5 15.Kh1 Be7 16.c4  1/2-1/2

[Event "OHRA op"]
[Site "Brussels"]
[Date "1987.??.??"]
[Round "1"]
[White "Jadoul, Michel"]
[Black "Fedorowicz, John P"]
[Result "0-1"]
[WhiteElo "2340"]
[BlackElo "2520"]

1.e4 c5 2.Nf3 e6 3.d4 cxd4 4.Nxd4 Nc6 5.Nc3 Qc7 6.Be2 a6 7.O-O Nf6 8.Kh1 Bb4
9.Bg5 O-O 10.f4 Bxc3 11.Bxf6 Bxd4 12.Bxd4 Nxd4 13.Qxd4 b6 14.Qd2 Bb7 15.Bd3 f6
16.Rae1 Rad8 17.Re3 a5 18.Rh3 Rf7 19.Qf2 Qc6 20.Qh4 g6 21.Rff3 Qa4 22.e5 Bxf3
23.gxf3 Qd4 24.Rg3 Rdf8 25.Bxg6 hxg6 26.Rxg6+ Rg7  0-1

[Event "OHRA op"]
[Site "Brussels"]
[Date "1987.??.??"]
[Round "2"]
[White "Boey, Josef"]
[Black "Kudrin, Sergey"]
[Result "1/2-1/2"]
[WhiteElo "2390"]
[BlackElo "2515"]

1.e4 c5 2.Nf3 e6 3.d4 cxd4 4.Nxd4 Nc6 5.Nc3 Qc7 6.g3 a6 7.Bg2 d6 8.O-O Bd7
9.Re1 Be7 10.Be3 Nf6 11.h3 O-O 12.Nxc6 Bxc6 13.g4 Rfe8 14.a4 b6 15.g5 Nd7
16.f4 Bf8 17.h4 b5 18.axb5 axb5 19.Rxa8 Rxa8 20.h5 b4 21.Ne2 g6 22.Nd4 Bb7
23.hxg6 hxg6 24.f5 Nc5 25.Qg4 e5 26.Nb3 Na4 27.Rf1 gxf5  1/2-1/2

[Event "Noviki-B"]
[Site "Budapest"]
[Date "1987.??.??"]
[Round "?"]
[White "Szalanczy, Emil"]
[Black "Horvath, Csaba"]
[Result "1/2-1/2"]
[WhiteElo "2385"]
[BlackElo "2455"]

1.e4 c5 2.Nf3 e6 3.d4 cxd4 4.Nxd4 Nc6 5.Nc3 Qc7 6.Nxc6 bxc6 7.Bd3 Nf6 8.O-O Be7
9.Re1 d6 10.Ne2 O-O 11.Ng3 e5 12.Bg5 Be6 13.b3 Rfd8 14.Qe2 a5 15.a4 h6 16.Bd2 Nd7
17.Be3 d5 18.Rad1 Bf8 19.exd5 cxd5 20.Bf5 Bxf5 21.Nxf5 Nf6 22.Bc1 Re8 23.Qf3 Ra6
24.Ne3 Bb4 25.Rf1 d4 26.Nc4 Qc5 27.Qf5 Nd5 28.Rd3 Rf6 29.Qd7 Ree6 30.f3 Nb6
31.Qb5 Nxc4 32.Qxc5 Bxc5 33.bxc4 Bb4 34.Bb2 Rb6 35.c3 Bxc3 36.Bxc3 Rb3 37.Rfd1 dxc3
38.Rc1 Rc6 39.Rdxc3 Rb4 40.c5 Rxa4 41.Kf2 Ra2+ 42.Ke3 Rxg2 43.Ra1 f5 44.Kd3 Rgg6
45.Rxa5 Rge6 46.Kc4 Kf7 47.Kd5 Kf6 48.Ra8 Kg5 49.Rc4 e4 50.fxe4 fxe4 51.Rxe4 Rxe4
52.Kxc6 Re2 53.Kd6 Rd2+  1/2-1/2

[Event "Noviki-D"]
[Site "Budapest"]
[Date "1987.??.??"]
[Round "?"]
[White "Haag, Ervin"]
[Black "Wegner, Hannu"]
[Result "1/2-1/2"]
[WhiteElo "2415"]
[BlackElo "2370"]

1.e4 c5 2.Nf3 e6 3.d4 cxd4 4.Nxd4 Nc6 5.Nc3 d6 6.Be2 Nf6 7.O-O Be7 8.Kh1 O-O
9.f4 Bd7 10.Be3 Nxd4 11.Bxd4 Bc6 12.Bf3 Nd7 13.a4 e5 14.fxe5 Nxe5 15.Qe2 Bf6
16.Rad1 Qe7  1/2-1/2

[Event "Noviki-D"]
[Site "Budapest"]
[Date "1987.??.??"]
[Round "?"]
[White "Haag, Ervin"]
[Black "Kastek, Thomas"]
[Result "0-1"]
[WhiteElo "2415"]
[BlackElo "2310"]

1.e4 c5 2.Nf3 e6 3.d4 cxd4 4.Nxd4 Nc6 5.Nc3 d6 6.Be3 Nf6 7.f4 Be7 8.Qf3 a6
9.O-O-O Qc7 10.h3 O-O 11.g4 Nxd4 12.Bxd4 b5 13.Bd3 Bb7 14.g5 Nd7 15.Rhg1 b4
16.Ne2 Nc5 17.Kb1 Rfc8 18.Bxc5 Qxc5 19.f5 exf5 20.Qxf5 g6 21.Qf4 Bf8 22.Rdf1 Rc7
23.h4 Bg7 24.h5 Bc8 25.hxg6 fxg6 26.Qc1 Be6 27.Nf4 Bf7 28.Rg3 Qa5 29.Nd5 Bxd5
30.exd5 Qxd5 31.Rgf3 a5 32.Qe3 Qe5 33.Qxe5 Bxe5 34.Be4 Re8 35.Bd5+ Kg7 36.Kc1 Rec8
37.Bb3 d5 38.Re1 Re7 39.Kd1 Bd6 40.Ref1 Rd7 41.Ba4 Rdc7 42.Rd3 Be7 43.Rg1 Rf8
44.Rxd5 Rd8 45.Rxd8 Bxd8 46.Ke2 Rc5 47.Rd1 Bxg5 48.Rd7+ Kh6 49.Kd3 Bf6 50.Bb3 Bxb2
51.Bg8 Bg7 52.Bd5 Be5 53.Bg8 Bg7 54.Bd5 Rc3+ 55.Kd2 Be5 56.Bg8 Rc7 57.Rxc7 Bxc7
58.c3 Kg7 59.Bd5 bxc3+ 60.Kxc3 h5 61.Kd4 g5 62.Ke4 Kg6 63.Bc6 g4 64.Be8+ Kg5  0-1

[Event "Budapest"]
[Site "Budapest"]
[Date "1987.??.??"]
[Round "2"]
[White "Lau, Ralf"]
[Black "Horvath, Jozsef"]
[Result "1-0"]
[WhiteElo "2535"]
[BlackElo "2470"]

1.e4 c5 2.Nf3 e6 3.d4 cxd4 4.Nxd4 Nc6 5.Nc3 Qc7 6.g3 a6 7.Bg2 d6 8.O-O Bd7
9.a4 Nf6 10.Nb3 b6 11.Kh1 Be7 12.f4 O-O 13.g4 Ne8 14.g5 Qd8 15.Be3 Rb8 16.Qe2 Nc7
17.Rad1 f6 18.gxf6 Rxf6 19.Nd4 Qe8 20.f5 Nxd4 21.Bxd4 Rf7 22.fxe6 Rxf1+ 23.Rxf1 Nxe6
24.Be3 b5 25.axb5 axb5 26.Nd5 Bg5 27.Qg4 Qd8 28.Qg3 Bxe3 29.Nxe3 Rb6 30.Nf5 Qf6
31.Nxd6 Qxb2 32.Qf2  1-0

[Event "Budel zt"]
[Site "Budel"]
[Date "1987.??.??"]
[Round "?"]
[White "Ligterink, Gert"]
[Black "Kouatly, Bachar"]
[Result "1-0"]
[WhiteElo "2470"]
[BlackElo "2440"]

1.e4 c5 2.Nf3 Nc6 3.Nc3 e6 4.d4 cxd4 5.Nxd4 Nf6 6.g3 d5 7.exd5 exd5 8.Bg2 Be7
9.O-O O-O 10.h3 Re8 11.Re1 h6 12.Bf4 a6 13.Qd3 Qb6 14.Rad1 Qxb2 15.Nxc6 bxc6
16.Be5 Bb4 17.Bxf6 Rxe1+ 18.Rxe1 gxf6 19.Re8+ Kg7 20.Qe2 Qc1+ 21.Kh2 Qg5
22.Na4 a5 23.c4 dxc4 24.Nb6 Bg4 25.hxg4 Rxe8 26.Qxe8 c3 27.Qe4 Qc5 28.Nc4 Qxf2
29.Ne3 c2 30.Nxc2 Bd6 31.Qd3 Bxg3+ 32.Qxg3 Qxc2 33.Qb3 Qe2 34.Kh3 c5 35.Bd5 Qf1+
36.Kg3 Qg1+ 37.Kf3 a4 38.Qc4 Qh1+ 39.Kf2 Qh2+ 40.Kf1 Qe5 41.Bxf7 Qa1+ 42.Kg2 Qb2+
43.Kf3 Qd2 44.Bd5 Qd1+ 45.Kg2 Qd2+ 46.Kg3 Qe1+ 47.Kf4 Qf2+ 48.Bf3 a3 49.Qd5 Qh2+
50.Kf5 Qc2+ 51.Be4 Qa4 52.Qb7+  1-0

[Event "Camaguey-A"]
[Site "Camaguey"]
[Date "1987.??.??"]
[Round "?"]
[White "Lanc, Alois"]
[Black "Knaak, Rainer"]
[Result "1-0"]
[WhiteElo "2495"]
[BlackElo "2505"]

1.e4 c5 2.Nf3 e6 3.d4 cxd4 4.Nxd4 Nc6 5.Nc3 a6 6.Nxc6 bxc6 7.e5 Qa5 8.f4 f5
9.Qd3 Nh6 10.Bd2 Rb8 11.Be2 Be7 12.b3 O-O 13.Na4 Qc7 14.O-O-O d6 15.exd6 Bxd6
16.g3 Nf7 17.Bc3 c5 18.Bb2 Bb7 19.Qc3 Nd8 20.Rxd6 Bxh1 21.Nxc5 Rf7 22.Rd1 Bb7
23.Nxa6 Bxa6 24.Bxa6 Qb6 25.Bc4 h6 26.Qe5 Rc8 27.a4 Kh7 28.Bd4 Qc6 29.a5 Qf3
30.Qe2 Qc6 31.Bb6 Rd7 32.Rxd7 Qxd7 33.Bxd8 Rxd8 34.Bxe6 Qd6 35.Kb2 Qd4+ 36.c3 Qc5
37.g4 Qg1 38.Bxf5+ Kh8 39.Bc2  1-0

[Event "Camaguey-A"]
[Site "Camaguey"]
[Date "1987.??.??"]
[Round "?"]
[White "Lanc, Alois"]
[Black "Zapata, Alonso"]
[Result "1-0"]
[WhiteElo "2495"]
[BlackElo "2505"]

1.e4 c5 2.Nf3 e6 3.d4 cxd4 4.Nxd4 Nc6 5.Nc3 Qc7 6.Be2 a6 7.O-O Nf6 8.a3 d6
9.Kh1 Be7 10.f4 O-O 11.Be3 Re8 12.Qe1 Nxd4 13.Bxd4 e5 14.fxe5 dxe5 15.Qg3 Bd8
16.Be3 Be6 17.Rad1 Kh8 18.h3 Rc8 19.Bg5 Nd7 20.Bg4 Bxg5 21.Bxe6 Rxe6 22.Qxg5 f6
23.Qg4 Nf8 24.Rd3 Qf7 25.Rfd1 Ree8 26.Rd6 Qg6 27.Qxg6 hxg6 28.Rb6 Rc7 29.Rdd6 Rec8
30.Rb4 Rf7 31.Rdb6 Rcc7 32.Kg1 f5 33.Kf2 Nh7 34.Rxg6 fxe4+ 35.Ke2 Nf6 36.g4 Rc5
37.Rg5 Rd7 38.Rf5 b5 39.a4 bxa4 40.g5 Nh5 41.g6 Ng3+ 42.Kf2  1-0

[Event "Camaguey-A"]
[Site "Camaguey"]
[Date "1987.??.??"]
[Round "?"]
[White "Rodriguez, Amador"]
[Black "Andonov, Bogomil"]
[Result "1/2-1/2"]
[WhiteElo "2495"]
[BlackElo "2450"]

1.e4 c5 2.Nf3 Nc6 3.d4 cxd4 4.Nxd4 e6 5.Nc3 Qc7 6.Be2 Nf6 7.O-O Bb4 8.Bg5 Qe5
9.Nf3 Qb8 10.Qd3 Be7 11.Rad1 a6 12.Bh4 d6 13.Bg3 Ne5 14.Nxe5 dxe5 15.f4 O-O
16.fxe5 Nd7 17.Bf4 Nxe5 18.Qg3 Bf6 19.Kh1 b5 20.Nb1 g6 21.Nd2 Bg7 22.Nf3 f6
23.Nxe5 fxe5 24.Bg5 Bb7 25.Qg4 Rxf1+ 26.Bxf1 Qe8 27.h3 Qc6 28.Bd3 Rf8 29.Qh4 Rf7
30.Bh6 Bxh6 31.Qxh6 Qc7 32.Qe3 Qe7 33.Rd2  1/2-1/2

[Event "Camaguey-A"]
[Site "Camaguey"]
[Date "1987.??.??"]
[Round "?"]
[White "Rodriguez, Amador"]
[Black "Zapata, Alonso"]
[Result "1/2-1/2"]
[WhiteElo "2495"]
[BlackElo "2505"]

1.e4 c5 2.Nf3 e6 3.d4 cxd4 4.Nxd4 Nc6 5.Nc3 Qc7 6.Be2 a6 7.f4 b5 8.Nxc6 dxc6
9.e5 Bb7 10.O-O Rd8 11.Qe1 Ne7 12.Ne4 Nf5 13.Bd2 Rd4 14.Bf3 Be7 15.Ba5 Qc8
16.Bc3 Rd7 17.Bg4 O-O 18.Kh1 c5 19.Nf6+ Bxf6 20.exf6 g6 21.Qf2  1/2-1/2

[Event "Camaguey-A"]
[Site "Camaguey"]
[Date "1987.??.??"]
[Round "?"]
[White "Hazai, Laszlo"]
[Black "Zapata, Alonso"]
[Result "1/2-1/2"]
[WhiteElo "2465"]
[BlackElo "2505"]

1.e4 c5 2.Nf3 e6 3.d4 cxd4 4.Nxd4 Nc6 5.Nc3 a6 6.Nxc6 bxc6 7.Bd3 d5 8.O-O Nf6
9.Re1 Be7 10.e5 Nd7 11.Qg4 Kf8 12.b3 a5 13.Na4 Nb6 14.Re3 Nxa4 15.Rg3 g6
16.Bh6+ Ke8 17.Qxa4 Qc7 18.Qf4 f5 19.c4 Qa7 20.Rc1 d4 21.c5 Bxc5 22.Bg7 Rg8
23.Bf6 Qb6 24.h4 Bf8 25.h5 Ba6 26.hxg6 Rxg6 27.Rxg6 hxg6 28.Bxa6 Rxa6 29.Qg3 Qb7
30.Qxg6+ Qf7 31.Qg3 c5 32.Qf3 Ra7 33.Kf1 Rb7 34.Rc4 Qd7 35.Qh5+ Qf7 36.Qf3 Qd7  1/2-1/2

[Event "Midwest Masters op"]
[Site "Chicago"]
[Date "1987.??.??"]
[Round "4"]
[White "Rizzitano, James"]
[Black "Stone, Raymond"]
[Result "1-0"]
[WhiteElo "2425"]
[BlackElo "2340"]

1.e4 c5 2.Nf3 e6 3.d4 cxd4 4.Nxd4 Nc6 5.Nc3 Qc7 6.f4 a6 7.Be3 b5 8.Be2 Bb7
9.a3 Rc8 10.Nb3 b4 11.axb4 Nxb4 12.O-O Nf6 13.Bf3 d5 14.e5 Ne4 15.Bd4 Be7
16.Na5 Ba8 17.Bxe4 dxe4 18.Qe2 O-O 19.Kh1 Rfd8 20.Bg1 h6 21.Be3 f6 22.Nb3 Qc4
23.Qxc4 Rxc4 24.Rac1 fxe5 25.fxe5 Nd5 26.Nxd5 Rxd5 27.c3 Rxe5 28.Ra1 Bg5
29.Rfe1 Bxe3 30.Rxe3 Bb7 31.Na5 Rc7 32.c4 Rd7 33.b4 Kf7 34.h3 Rf5 35.Kg1 Bc8
36.Rxe4 e5 37.Rae1 Rd2 38.Rxe5 Rff2 39.Rf1 Rxf1+ 40.Kxf1 Rb2 41.Nc6 Bd7 42.Re7+  1-0

[Event "Copenhagen op"]
[Site "Copenhagen"]
[Date "1987.??.??"]
[Round "5"]
[White "Mortensen, Erling"]
[Black "Stein, Bernd"]
[Result "1/2-1/2"]
[WhiteElo "2440"]
[BlackElo "2385"]

1.e4 c5 2.Nf3 e6 3.Nc3 Nc6 4.d4 cxd4 5.Nxd4 Nf6 6.g3 d6 7.Bg2 Bd7 8.Be3 Be7
9.O-O O-O 10.Qe2 a6 11.Rad1 Qc7 12.f4 Rfe8 13.Nb3 Rac8 14.g4 g6 15.g5 Nh5
16.Qf2 b5 17.a3 Ng7 18.Nd4 Nxd4 19.Bxd4 Bc6 20.Rd3 Rf8 21.Bf6 h5 22.Bxe7 Qxe7
23.Qd2 Rfd8 24.Rd1 Ne8 25.f5 exf5 26.exf5 Bxg2 27.Qxg2 Rc4 28.Nd5 Qa7+ 29.Kh1 Rg4
30.Rg3 gxf5 31.h3 Rxg3 32.Qxg3 Ng7 33.Nf6+ Kf8 34.Rxd6 Qb8 35.Rxd8+ Qxd8
36.Qb8 Qxb8 37.Nd7+ Ke7 38.Nxb8 h4 39.Nxa6 Kd6 40.Nb4 Ne6 41.Nd3 Nxg5 42.Kg2 Kd5
43.b3 Ke4 44.a4 bxa4 45.bxa4 f4 46.a5 f3+ 47.Kf1 Kd5 48.c4+ Kc6 49.Kf2 Kb7
50.Nb4 Nxh3+ 51.Kxf3  1/2-1/2